Normal view
MARC view
- Rosenthal, Emily J
Entry Personal Name
001 - CONTROL NUMBER
- control field: 36607
003 - CONTROL NUMBER IDENTIFIER
- control field: NUST
005 - DATE AND TIME OF LATEST TRANSACTION
- control field: 20210314130042.0
008 - FIXED-LENGTH DATA ELEMENTS
- fixed length control field: 210314|| aca||aabn | a|a d
040 ## - CATALOGING SOURCE
- Original cataloging agency: NUST
- Transcribing agency: NUST
100 ## - HEADING--PERSONAL NAME
- Personal name: Rosenthal, Emily J
670 ## - SOURCE DATA FOUND
- Source citation: Work cat.: (NUST): Blodgett, Ralph H., 36604, Hard disk management for the IBM PC, PS/2 and compatibles /, c1988.
